<?xml version="1.0" encoding="UTF-8"?>
<record
    xmlns:xsi="http://www.w3.org/2001/XMLSchema-instance"
    xsi:schemaLocation="http://www.loc.gov/MARC21/slim http://www.loc.gov/standards/marcxml/schema/MARC21slim.xsd"
    xmlns="http://www.loc.gov/MARC21/slim">

  <leader>02316    a2200205   4500</leader>
  <controlfield tag="001">54379</controlfield>
  <controlfield tag="005">20260407155816.0</controlfield>
  <controlfield tag="008">260407a1961    arg                 spa d</controlfield>
  <controlfield tag="003">AR-UNSa-BCEJYS</controlfield>
  <datafield tag="040" ind1=" " ind2=" ">
    <subfield code="a">AR-UNSa-BCEJYS</subfield>
    <subfield code="b">spa</subfield>
    <subfield code="c">AR-UNSa-BCEJYS</subfield>
  </datafield>
  <datafield tag="080" ind1=" " ind2=" ">
    <subfield code="a">330.56</subfield>
    <subfield code="x">Renta nacional. Producto nacional neto</subfield>
  </datafield>
  <datafield tag="245" ind1="1" ind2="0">
    <subfield code="a">Teor&#xED;a de la distribuci&#xF3;n de la renta</subfield>
  </datafield>
  <datafield tag="264" ind1=" " ind2="1">
    <subfield code="a">Madrid :</subfield>
    <subfield code="b">Aguilar</subfield>
    <subfield code="c">1961</subfield>
  </datafield>
  <datafield tag="300" ind1=" " ind2=" ">
    <subfield code="a">616 p.</subfield>
    <subfield code="c">22 cm.</subfield>
  </datafield>
  <datafield tag="505" ind1=" " ind2=" ">
    <subfield code="a">I. Concepto de renta y distribuci&#xF3;n - 1. La renta nacional - 2. Las estad&#xED;sticas del producto y de la renta nacionales - 3. Distribuci&#xF3;n - 4. An&#xE1;lisis gr&#xE1;fico de la distribuci&#xF3;n personal de la renta en los Estados Unidos - II. La funci&#xF3;n de producci&#xF3;n y la productividad marginal - 5. Sobre la ley de las proporciones variables - 6. Producci&#xF3;n y distribuci&#xF3;n a corto plazo - 7. La competencia monopol&#xED;stica y la teor&#xED;a de la distribuci&#xF3;n seg&#xFA;n la productividad - 8. Significado del producto marginal - 9. Clasificaci&#xF3;n de los inventos - 10. Consideraciones acerca de las innovaciones - 11. Distribuci&#xF3;n de la renta nacional - III. Salarios - 12. Cr&#xED;ticas de la teor&#xED;a del salario - 13. Elasticidad de la demanda de renta en funci&#xF3;n del esfuerzo - 14. Una revisi&#xF3;n de la teor&#xED;a de la explotaci&#xF3;n - 15. La doctrina de la productividad marginal descontada - 16. Relaciones entre los salarios,los costes y los precios - 17. Relaciones entre la pol&#xED;tica de salarios y la pol&#xED;tica de precios - 18. Cambios en los salarios reales y monetarios - 19. Pol&#xED;tica de salarios de los sindicatos - IV. El inter&#xE9;s - 20. Los mitos del capital - 21. El capital y el inter&#xE9;s - 22. La teor&#xED;a del tipo de inter&#xE9;s - 23. Keynes y el tipo de inter&#xE9;s - 24. Keynes y los "cl&#xE1;sicos": Una posible interpretaci&#xF3;n - 25. Pol&#xED;tica monetaria y teor&#xED;a del inter&#xE9;s - 26. Estructura de los tipos de inter&#xE9;s - V. El beneficio - 27. El beneficio - 28. Riesgo,incertidumbre e inutilidad de las probabilidades - 29. La empresa,los beneficios y la sociedad moderna - 30. Rendimiento del capital invertido en sociedades - VI. La renta - 31. Planteamiento hist&#xF3;rico de la teor&#xED;a de la renta y del precio - 32. Concepto del excedente econ&#xF3;mico</subfield>
  </datafield>
  <datafield tag="942" ind1=" " ind2=" ">
    <subfield code="c">BK</subfield>
  </datafield>
  <datafield tag="590" ind1=" " ind2=" ">
    <subfield code="a">niveau_biblio:m niveau_hierar:0</subfield>
  </datafield>
  <datafield tag="100" ind1="1" ind2=" ">
    <subfield code="a">Fellner, William</subfield>
  </datafield>
  <datafield tag="700" ind1="1" ind2=" ">
    <subfield code="a">Haley, Bernard Francis</subfield>
  </datafield>
  <datafield tag="999" ind1=" " ind2=" ">
    <subfield code="c">5539</subfield>
    <subfield code="d">5539</subfield>
  </datafield>
  <datafield tag="952" ind1=" " ind2=" ">
    <subfield code="0">0</subfield>
    <subfield code="1">0</subfield>
    <subfield code="4">0</subfield>
    <subfield code="7">0</subfield>
    <subfield code="a">BCEJYS</subfield>
    <subfield code="b">BCEJYS</subfield>
    <subfield code="c">16</subfield>
    <subfield code="d">2026-04-07</subfield>
    <subfield code="l">0</subfield>
    <subfield code="o">330.56 F317</subfield>
    <subfield code="p">L22812</subfield>
    <subfield code="r">2026-04-07 15:58:16</subfield>
    <subfield code="w">2026-04-07</subfield>
    <subfield code="y">L</subfield>
  </datafield>
  <datafield tag="952" ind1=" " ind2=" ">
    <subfield code="0">0</subfield>
    <subfield code="1">0</subfield>
    <subfield code="4">0</subfield>
    <subfield code="7">0</subfield>
    <subfield code="a">BCEJYS</subfield>
    <subfield code="b">BCEJYS</subfield>
    <subfield code="c">16</subfield>
    <subfield code="d">2026-04-07</subfield>
    <subfield code="l">0</subfield>
    <subfield code="o">330.56 F317</subfield>
    <subfield code="p">L22813</subfield>
    <subfield code="r">2026-04-07 15:58:16</subfield>
    <subfield code="w">2026-04-07</subfield>
    <subfield code="y">L</subfield>
  </datafield>
  <datafield tag="952" ind1=" " ind2=" ">
    <subfield code="0">0</subfield>
    <subfield code="1">0</subfield>
    <subfield code="4">0</subfield>
    <subfield code="7">0</subfield>
    <subfield code="a">BCEJYS</subfield>
    <subfield code="b">BCEJYS</subfield>
    <subfield code="c">16</subfield>
    <subfield code="d">2026-04-07</subfield>
    <subfield code="l">0</subfield>
    <subfield code="o">330.56 F317</subfield>
    <subfield code="p">L24609</subfield>
    <subfield code="r">2026-04-07 15:58:16</subfield>
    <subfield code="w">2026-04-07</subfield>
    <subfield code="y">L</subfield>
  </datafield>
  <datafield tag="952" ind1=" " ind2=" ">
    <subfield code="0">0</subfield>
    <subfield code="1">0</subfield>
    <subfield code="4">0</subfield>
    <subfield code="7">0</subfield>
    <subfield code="a">BCEJYS</subfield>
    <subfield code="b">BCEJYS</subfield>
    <subfield code="c">16</subfield>
    <subfield code="d">2026-04-07</subfield>
    <subfield code="l">0</subfield>
    <subfield code="o">330.56 F317</subfield>
    <subfield code="p">L24610</subfield>
    <subfield code="r">2026-04-07 15:58:16</subfield>
    <subfield code="w">2026-04-07</subfield>
    <subfield code="y">L</subfield>
  </datafield>
</record>
